[Event "AUT-ch Vor4 Internet"]
[Site "Playchess.com INT"]
[Date "2020.04.25"]
[Round "1"]
[White "Thummer, Philipp"]
[Black "Kopinits, Anna Christina"]
[Result "0-1"]
[WhiteElo "1207"]
[BlackElo "2204"]
[PlyCount "96"]
[EventDate "2020.04.25"]
[EventType "swiss (blitz)"]
[EventRounds "9"]
[EventCountry "AUT"]
[SourceTitle "EXT 2021"]
[Source "ChessBase"]
[SourceDate "2020.10.23"]
[SourceVersion "1"]
[SourceVersionDate "2020.10.23"]
[SourceQuality "1"]

1. e4 e5 2. Nf3 Nc6 3. Bc4 Nf6 4. d3 Be7 5. Kf1 0-0 6. Nc3 d6 7. h3 Na5 8. Bb3 Nxb3 9. axb3 c6 10. Be3 Qc7 11. Ke2 a6 12. g4 d5 13. exd5 Nxd5 14. Qd2 Nxe3 15. fxe3 Be6 16. e4 Rad8 17. Ng5 Bxg5 18. Qxg5 f6 19. Qe3 Rf7 20. Rag1 Rdf8 21. h4 Qd7 22. Qg3 g6 23. Nd1 Kh8 24. Ne3 Qd4 25. Rb1 Rd8 26. Rhf1 a5 27. h5 g5 28. Nf5 Bxf5 29. Rxf5 h6 30. Qf2 Qxf2+ 31. Rxf2 Kg7 32. Ke3 b5 33. Ra1 Ra7 34. Ra3 a4 35. bxa4 bxa4 36. c4 Rb8 37. d4 Rb4 38. dxe5 fxe5 39. Rc2 Rab7 40. Ra2 Kf6 41. Rf2+ Ke6 42. Rf8 Rxc4 43. Rh8 Rb3+ 44. Kf2 Kd6 45. Rxh6+ Kc5 46. Rg6 Rc2+ 47. Ke1 Rh3 48. Kd1 Rg2 0-1

[Event "AUT-ch Vor1 Internet"]
[Site "Playchess.com INT"]
[Date "2020.04.11"]
[Round "4"]
[White "Thummer, Philipp"]
[Black "Morgunov, Marc"]
[Result "0-1"]
[WhiteElo "1207"]
[BlackElo "2341"]
[PlyCount "94"]
[EventDate "2020.04.11"]
[EventType "swiss (blitz)"]
[EventRounds "9"]
[EventCountry "AUT"]
[SourceTitle "CBM 195 Extra"]
[Source "ChessBase"]
[SourceDate "2020.05.31"]
[SourceVersion "1"]
[SourceVersionDate "2020.05.31"]
[SourceQuality "1"]

1. e4 c5 2. g3 g6 3. Bg2 Bg7 4. Ne2 Nc6 5. c3 e5 6. d3 Nge7 7. f4 0-0 8. 0-0 d5 9. Nd2 dxe4 10. Nxe4 Nd5 11. Nxc5 Qb6 12. d4 exd4 13. Bxd5 Qxc5 14. Bxc6 dxc3+ 15. Rf2 Qxc6 16. bxc3 Bg4 17. Bd2 Rad8 18. Qe1 Rfe8 19. h3 Bxh3 20. Rc1 Bg4 21. Qf1 Rxd2 22. Nd4 Rxd4 23. cxd4 Qd5 24. Rd1 Bxd4 25. Rxd4 Qxd4 26. Kg2 Qd5+ 27. Kh2 Qh5+ 28. Kg1 Re2 29. Rxe2 Bxe2 30. Qf2 Bf3 31. Qh2 Qxh2+ 32. Kxh2 f5 33. a3 Kf7 34. Kg1 Ke6 35. Kf2 Be4 36. Ke3 Kd5 37. Kd2 b5 38. Kc3 a5 39. Kb3 Kd4 40. Kb2 Bd5 41. Kc2 b4 42. axb4 axb4 43. Kd2 b3 44. Kc1 Kc3 45. Kb1 b2 46. g4 Kb3 47. gxf5 Be4# 0-1